|
|
|
|
| LEADER |
02775nam a22004574a 4500 |
| 001 |
EBC459437 |
| 003 |
MiAaPQ |
| 005 |
20200520144314.0 |
| 006 |
m o d | |
| 007 |
cr cn||||||||| |
| 008 |
070831s2008 dcua sb i001 0 eng |
| 010 |
|
|
|z 2007036235
|
| 020 |
|
|
|z 9780821368701
|
| 020 |
|
|
|z 0821368702
|
| 020 |
|
|
|a 9780821368718 (electronic bk.)
|
| 020 |
|
|
|a 0821368710 (electronic bk.)
|
| 035 |
|
|
|a (MiAaPQ)EBC459437
|
| 035 |
|
|
|a (Au-PeEL)EBL459437
|
| 035 |
|
|
|a (CaPaEBR)ebr10217100
|
| 035 |
|
|
|a (CaONFJC)MIL123935
|
| 035 |
|
|
|a (OCoLC)567949909
|
| 040 |
|
|
|a MiAaPQ
|c MiAaPQ
|d MiAaPQ
|
| 043 |
|
|
|a cl-----
|
| 050 |
|
4 |
|a HG3915.5
|b .R47 2008
|
| 082 |
0 |
4 |
|a 338.98
|2 22
|
| 245 |
0 |
0 |
|a Remittances and development
|h [electronic resource] :
|b lessons from Latin America /
|c edited by Pablo Fajnzylber and J. Humberto Lopez.
|
| 260 |
|
|
|a Washington, D.C. :
|b World Bank,
|c c2008.
|
| 300 |
|
|
|a xxiv, 383 p. :
|b ill.
|
| 490 |
1 |
|
|a Latin American development forum series
|
| 504 |
|
|
|a Includes bibliographical references and index.
|
| 505 |
0 |
|
|a The development impact of remittances in Latin America / Pablo Fajnzylber and J. Humberto Lopez -- How important are remittances in Latin America? / Pablo Acosta, Pablo Fajnzylber, and J. Humberto Lopez -- Migration and remittances in Latin America : patterns and determinants / Yoko Niimi and Caglar Ozden -- Do remittances lower poverty levels in Latin America? / Pablo Acosta ... [et al.] -- Remittances and household behavior : evidence for Latin America / Pablo Acosta, Pablo Fajnzylber, and J. Humberto Lopez -- Do remittances affect recipient countries' financial development? / Maria Soledad Martinez Peria, Yira Mascaro, and Florencia Moizeszowicz -- Remittances, the real exchange rate, and the Dutch disease phenomenon / J. Humberto Lopez, Luis Molina, and Maurizio Bussolo -- Do conditional cash transfer programs crowd out private transfers? / Pedro Olinto and Mette E. Nielsen -- Facilitating remittances flows and security in the system / Massimo Cirasino, Mario Guadanillas, and Emanuel Salinas -- Remittances and growth : the role of complementary policies / Cesar Calderon, Pablo Fajnzylber and J. Humberto Lopez.
|
| 533 |
|
|
|a Electronic reproduction. Ann Arbor, MI : ProQuest, 2015. Available via World Wide Web. Access may be limited to ProQuest affiliated libraries.
|
| 650 |
|
0 |
|a Emigrant remittances
|z Latin America.
|
| 651 |
|
0 |
|a Latin America
|x Economic policy.
|
| 655 |
|
4 |
|a Electronic books.
|
| 700 |
1 |
|
|a Fajnzylber, Pablo.
|
| 700 |
1 |
|
|a Lopez, J. Humberto.
|
| 710 |
2 |
|
|a World Bank.
|
| 710 |
2 |
|
|a ProQuest (Firm)
|
| 830 |
|
0 |
|a Latin American development forum.
|
| 856 |
4 |
0 |
|u https://ebookcentral.proquest.com/lib/matrademy/detail.action?docID=459437
|z Click to View
|